[Event "Linares Anibal op 04th"]
[Site "Linares"]
[Date "1997.??.??"]
[Round "2"]
[White "Jussupow, Artur"]
[Black "Narciso Dublan, Marc"]
[Result "1-0"]
[WhiteElo "2665"]
[BlackElo "2455"]
[Annotator "Stohl,I"]
[PlyCount "81"]
[EventDate "1997.02.??"]
[EventType "swiss"]
[EventRounds "10"]
[EventCountry "ESP"]
[SourceTitle "CBM 058"]
[Source "ChessBase"]
[SourceDate "1997.06.01"]
[SourceVersion "1"]
[SourceVersionDate "1997.06.01"]
[SourceQuality "1"]

1. d4 {Petursson} Nf6 2. Nf3 e6 3. Bg5 c5 4. e3 {Yusupov chooses a rather tame
system, with the idea of transferring the main fight to the middlegame. There
he wants to utilize his better positional understanding.} cxd4 ({Black must be
careful in the opening. A reliable alternative is} 4... h6 5. Bh4 b6 6. c4 (6.
Bd3 Be7 7. O-O O-O 8. Re1 Bb7 9. Nbd2 d6 10. c3 Nbd7 11. e4 cxd4 12. cxd4 e5
13. Rc1 Re8 14. Bxf6 Bxf6 15. d5 Rc8 $11 {1/2,Vera,R-Izeta,F/Elgoibar/1994/}) (
6. Nbd2 Bb7 7. Be2 Be7 8. O-O O-O 9. c3 Nd5 10. Bg3 Nf6 11. Ne5 Nc6 12. Bf3 d5
13. Qa4 Qe8 14. Nxc6 Bxc6 15. Qc2 Rc8 16. Rfe1 Qd7 17. dxc5 Bxc5 18. Rad1 Qb7
19. Nb3 Be7 20. Nd4 Rfd8 21. Nxc6 Qxc6 22. Qb3 $11 {Piankov,E-Taboas Rodriguez,
D/La Coruna op/1996/}) 6... Bb7 (6... Be7 7. Nc3 cxd4 8. Nxd4 Nc6 9. Nxc6 dxc6
10. Qxd8+ Bxd8 11. O-O-O Bb7 12. Bxf6 Bxf6 13. Ne4 Be7 14. Be2 c5 15. Bf3 Rd8
16. Nf6+ {1/2,Hodgson,J-King,D/Dhaka/1993/}) 7. Nc3 Be7 8. Be2 O-O 9. O-O d6
10. Qd2 Nbd7 11. h3 a6 12. Rfd1 Rc8 13. Bg3 cxd4 14. exd4 Re8 15. Bh2 d5 16.
cxd5 exd5 17. Ne5 b5 18. a3 Nb6 19. Bf3 Bd6 20. Rac1 Rc7 21. Re1 Ne4 $1 $15 {
Wockenfuss,K-Vyzhmanavin,A/Ostende op/1991/}) ({On the other hand premature is
} 4... b6 $6 {as even Yusupov's games show:} 5. d5 $1 exd5 6. Nc3 Be7 (6... Bb7
7. Nxd5 Bxd5 8. Bxf6 Qxf6 9. Qxd5 $16 {/\} Qxb2 10. Rd1 Qb4+ 11. c3 Qxc3+ 12.
Rd2 $18) 7. Nxd5 Bb7 8. Bxf6 Bxf6 9. c3 O-O 10. Bc4 a6 11. O-O b5 12. Bb3 $5 (
12. Nxf6+ Qxf6 13. Bd5 Nc6 14. a4 Rab8 15. axb5 axb5 16. e4 d6 17. Qd3 b4 18.
Rfd1 h6 19. h3 Rfe8 20. Qc4 bxc3 21. bxc3 Ne5 22. Nxe5 Bxd5 23. Qxd5 Rxe5 24.
Qxd6 Qxd6 25. Rxd6 {1/2,Jussupow,A-Torre,E/Jerevan olm/1996/}) 12... d6 13. Qd2
Nd7 14. Rfd1 Bxd5 15. Bxd5 Rb8 16. Qc2 Nb6 17. Rd2 g6 18. Rad1 Qc7 19. Qe4 Kg7
20. h4 Qe7 21. Qf4 $14 {Yusupov,A-Karpov,A/London cs/1989/}) ({Pawn hunting in
this position can be very dangerous, e.g.} 4... Qb6 5. Nbd2 cxd4 6. exd4 Qxb2
7. Bxf6 gxf6 8. Bd3 Nc6 9. Rb1 Qc3 10. O-O d5 11. Rb3 Qa5 12. c4 Nb4 13. cxd5
Nxd3 14. Rxd3 Qxd5 15. Qe2 Bd7 16. Ne4 Be7 17. Nc3 Qh5 18. d5 e5 19. Qb2 Rb8
20. d6 Bd8 21. Nd5 O-O 22. Ne7+ Kh8 23. Re1 $40 {Bennett,J-Hobuss,W/Geneva op/
1997/}) 5. exd4 Be7 6. Bd3 (6. c3 $5 b6 7. a4 O-O 8. Na3 Nc6 9. Bd3 Bb7 10. O-O
Nd5 11. Bd2 Rc8 12. Re1 Qc7 13. Qb1 Nf6 14. Nb5 Qb8 15. Bg5 h6 16. Bh4 d6 17.
Qd1 Na5 18. Nd2 a6 19. Na3 Rfe8 20. Bg3 Red8 21. Nc2 Qa8 22. Ne3 Nd5 23. Ndf1
Bg5 24. Nxd5 Bxd5 25. f4 Bf6 26. Ne3 Nc4 27. Nxd5 exd5 28. Bf5 Nxb2 29. Qb3 Nc4
30. Bxc8 Rxc8 $44 {Bronstein,D-Ward,C/Maidstone Menchik op/1994/}) 6... Nd5 $5
$146 {A well-known idea (Black doesn't play d5 and keeps the square free for
his N) in these positions has never been played so early yet.} (6... h6 7. Bh4
b6 8. Nbd2 Bb7 9. O-O O-O 10. c4 d5 11. Rc1 dxc4 12. Nxc4 Nc6 13. Bb1 Rc8 14.
Qd2 Qd5 15. Ne3 Qa5 16. Qxa5 Nxa5 17. Ne5 g5 18. Bg3 Ne4 19. f3 Nd2 20. Rfd1
Nxb1 21. Rxb1 Rfd8 $17 {Smietana,T-Goebel,W/BL2-N/1981/}) (6... d6 7. O-O Nbd7
8. c4 (8. c3 O-O 9. Nbd2 h6 10. Bh4 b6 11. Re1 Bb7 12. a4 a6 13. Rc1 Re8 14. b4
Rc8 15. Qb3 Qc7 16. c4 a5 17. bxa5 bxa5 18. c5 $2 Bd5 19. Qc3 dxc5 20. Ba6 Ra8
21. Bb5 Rec8 22. Nb3 c4 23. Nxa5 Bxf3 24. gxf3 Nd5 25. Qxc4 Bxh4 {0-1,
Hertweck-Lau,R/Boblingen op/1985/}) 8... h6 9. Bf4 b6 10. Nc3 a6 11. Re1 O-O
12. h3 Bb7 13. Re3 Re8 14. Qe2 Bf8 15. Re1 Qc8 16. a3 e5 $1 17. Bh2 Qc6 18. Qf1
Rad8 19. Bf5 exd4 20. Nxd4 Qc7 21. Bb1 Rxe3 22. Rxe3 Ne5 23. Ba2 g6 24. Bg3 Bg7
25. Bh4 Rc8 26. Bxf6 Bxf6 $15 {[%csl Gb7,Gf6] ^^,Yusupov,A-Lau,R/GER-CupT f/
1992/}) (6... b6 7. c4 (7. O-O Bb7 8. Nbd2 d6 9. Re1 Nbd7 10. Rc1 O-O 11. h3
Re8 12. c3 Qc7 13. Bf4 Rad8 14. b4 Nf8 15. Bb1 Nd5 16. Bh2 Rc8 17. Qb3 b5 18.
c4 bxc4 19. Nxc4 Qd7 20. a4 Rc7 21. Na5 Ba8 22. Bd3 Rec8 23. Bb5 Qd8 24. Rxc7
Qxc7 25. Qb2 Nc3 $36 {Berardi,G-Grosar,A/Moscow olm/1994/}) 7... d6 8. O-O Nbd7
9. Re1 O-O 10. Nbd2 Bb7 11. a3 d5 12. Ne5 dxc4 13. Ndxc4 Rc8 14. Qe2 Nd5 15.
Bd2 N7f6 16. Rad1 Ba8 17. Bb1 b5 18. Ne3 Nxe3 19. Qxe3 g6 20. Qg3 Qd5 21. Be3
Rc7 22. f3 Nh5 23. Qg4 Rfc8 24. Be4 Qd6 25. Bxa8 Rxa8 $11 {Ye Rongguang-Emms,J/
Beijing op/1993/ In all the examples above Black builds a Hedgehog type
position with his pawns on e6 and d6. He remains flexible in the center and
advances his pawns (d6-d5 or e6-e5) only when the moment is right. On the
other hand, if he immediately plays 6...d5?!, White's attacking chances
increase (e5-square for the N, semi-open e-file, /^ b1-h7).}) 7. Bxe7 (7. Bd2
Qc7 $5 8. O-O (8. c4 Nf4 $11) 8... Nb4 9. Bxb4 Bxb4 10. Ng5 $5 $13) 7... Qxe7
8. O-O Nf4 9. Re1 {Now Black exchanges the important B and gets a rather
comfortable position.} ({More ambitious was} 9. Bc4 $5 d6 (9... b6 10. Qd2 Ng6
11. d5 $36) 10. Qd2 Ng6 11. Nc3 $13) 9... Nxd3 10. Qxd3 d6 11. Nc3 O-O $11 {
Black's K is safe and he will finish his development in a few moves, so
Yusupov must find some active plan. Logically he seeks play on the >>.} 12. Re4
$5 {[%cal Ye4h4,Ge1e6] <->e,/\Rh4} Nd7 13. Rae1 h6 {Usefull prophylaxis.} (
13... Nf6 14. Rh4 {/\} Bd7 $4 15. Nd5 $1 $18) 14. Rh4 Nf6 15. Nd2 $1 Nd5 $6 {
Allows a dangerous positional exchange sacrifice, after which Black's defence
will be very difficult.} (15... Bd7 $142 $5 16. Qg3 Kh8 17. Nc4 Ne8 $132 {
was a more solid and safer alternative.}) 16. Rxh6 $8 {More or less forced,
but effective.} (16. Rg4 Nb4 17. Qc4 (17. Qg3 f5) 17... Nxc2 18. Rc1 d5 {
/\Nb4-/+}) 16... gxh6 17. Nxd5 Qd8 (17... Qg5 $2 {Petursson} 18. Ne4 Qg7 19.
Ndf6+ Kh8 20. Re3 d5 21. Rg3 dxe4 22. Rxg7 Kxg7 23. Nxe4 $18) 18. Nf4 $44 {
[%csl Gd2,Gf4,Rf6,Rg6,Rg7,Rg8,Rh7] White has a pawn for the exchange and his N
are very annoying. Moreover, Black must be careful about his weakened K-side.}
Qg5 {Costs a tempo, (the Q is exposed on g5) but forces White to close the
3-rd rank for his R.} (18... Bd7 19. Re3 $36 (19. Qg3+ Qg5 20. Ne4 $5 Qxg3 21.
hxg3 $44)) (18... e5 {Petursson} 19. Nh5 Qh4 20. Qf3 $40) 19. g3 Bd7 (19... d5
20. Nf3 Qe7 21. Ne5 $36) 20. Ne4 Qe7 21. c4 $1 {[%csl Gc4,Gd4,Ge4,Gf4][%cal
Yc4c5,Yd4d5,Rd3a3] [+],/\c5,d5,Qa3} (21. Qa3 $6 Bc6 {/\} 22. Qxd6 Qxd6 23. Nxd6
Rad8 $17) 21... f5 22. Nc3 (22. Ng6 $2 Qf7 23. Nxf8 fxe4 24. Rxe4 Rxf8 $17)
22... Qf6 $2 {After this mistake Black's position crumbles.} (22... Qf7 $8 23.
Qf3 $44 (23. c5 $5 $44)) (22... Qf7 $13 {Petursson}) 23. Nb5 $1 {[%csl Rd6,Re6]
[%cal Rb5c7,Rb5d6] /\Nd6,Nc7,><d6,e6} Bxb5 (23... d5 24. cxd5 $40) (23... Rac8
24. Nxd6 Rc7 25. Qe3 $16) 24. Rxe6 Bxc4 $5 (24... Qf7 25. cxb5 Kh7 26. Rxd6 $16
) 25. Qxc4 Qf7 $8 26. Qd5 Rad8 (26... Rae8 27. Rg6+ Kh7 28. Qxd6 $18) 27. Nh5
$1 $40 {[%cal Re6g6,Rh5f6] /\Rg6,Nf6} (27. Rxh6 Qxd5 28. Nxd5 Kg7 29. Re6 Rd7 {
[%cal Rf8c8] /\Rc8<=>}) 27... Kh7 $8 {The best defensive move in a miserable
position.} (27... Qxh5 $2 28. Rxd6+ Qf7 29. Rxd8 $18) 28. Nf6+ Kh8 (28... Qxf6
29. Rxf6 Rxf6 30. Qxb7+ Kg6 31. Qxa7 $18) 29. Qxf5 (29. Ne4 $5 {Petursson A
very interesting alternative} Qg7 (29... fxe4 $2 30. Rxh6+ Kg8 31. Qg5+ Qg7 32.
Rg6 $18) 30. Nxd6 Rd7 31. Qb5 a6 32. Qc5 Rc7 33. Rxh6+ Qxh6 34. Qxc7 $16) 29...
Qg7 30. h4 Rd7 $6 {The final mistake, but Black's position is probably beyond
saving anyway. Loses immediatly} (30... Rf7 31. g4 $1 {[]} Rdf8 (31... Rg8 {
Petursson} 32. Kh1 $16) 32. g5 $40) 31. Qh5 $1 {Now Black has no defence
against White's several threats: 32. Ng4, 32. Nd5 and 32. Ne4} Rxf6 (31... Rdf7
32. Ng4 $18) 32. Rxf6 Qxf6 33. Qe8+ $18 Kg7 34. Qxd7+ Kg6 35. Qa4 (35. Qg4+ $5
Kf7 36. h5 $18 {[%cal Rg4g6] /\Qg6}) 35... Kh7 36. h5 (36. Qxa7 $18) 36... a5 (
36... Qe7 37. Qc2+ Kh8 38. Qg6 $18) 37. Qd7+ Kh8 38. Qc8+ Kg7 39. Qxb7+ Kf8 40.
Qe4 d5 41. Qf4 1-0

[Event "Reggio Emilia 9798 40th"]
[Site "Reggio Emilia"]
[Date "1998.01.04"]
[Round "9"]
[White "Romanishin, Oleg M"]
[Black "Yudasin, Leonid"]
[Result "1-0"]
[WhiteElo "2550"]
[BlackElo "2610"]
[Annotator "Stohl,I"]
[PlyCount "75"]
[EventDate "1997.12.26"]
[EventType "tourn"]
[EventRounds "11"]
[EventCountry "ITA"]
[EventCategory "10"]
[SourceTitle "CBM 063"]
[Source "ChessBase"]
[SourceDate "1998.03.26"]
[SourceVersion "1"]
[SourceVersionDate "1998.03.26"]
[SourceQuality "1"]

1. d4 Nf6 2. Nf3 e6 3. g3 c5 4. Bg2 Qc7 5. O-O ({Very soft is} 5. c3 $6 d5 6.
Bf4 Bd6 7. Bxd6 Qxd6 8. O-O O-O 9. Nbd2 Nc6 10. Re1 cxd4 11. cxd4 Bd7 12. a3 a5
13. Rc1 Rfc8 14. e3 Be8 15. Qb3 a4 16. Qd3 Ne7 17. Ne5 Qb6 18. Qb1 Qa5 19. Ndf3
Ne4 20. Rxc8 Rxc8 21. Rc1 Rc7 22. Rxc7 Qxc7 23. Qd1 Nc8 24. Nd2 Ned6 25. Bf1 h6
26. Nd3 Bb5 $11 {Vladimirov,E-Psakhis,L/Moscow 1992/0-1 (51)}) 5... a6 $6 (5...
cxd4 $142 6. Nxd4 a6 7. e4 d6 {-B80}) 6. Bf4 $1 (6. b3 $143 d5 7. dxc5 Bxc5 8.
Bb2 Nc6 9. c4 dxc4 10. Qc1 Qe7 11. Qxc4 O-O 12. Rc1 Bd6 13. Nbd2 Bd7 14. Qh4
Rac8 15. Nc4 Bc5 16. a3 Nd5 17. Qxe7 Bxe7 18. e4 Nf6 19. Nd4 Bc5 20. Nxc6 Bxc6
21. Na5 Bxe4 22. Nxb7 Bb6 23. Nd6 Rxc1+ 24. Rxc1 Bxg2 25. Kxg2 Nd5 26. Rc6 Ra8
27. b4 Kf8 28. Nc8 Bc7 29. Nd6 Bxd6 30. Rxd6 Ke7 $11 {Brenninkmeijer,J-Romero
Holmes,A/Wijk 1992/1/2 (42)}) (6. dxc5 Bxc5 7. Bf4 d6 8. Nc3 Nbd7 9. Na4 e5 10.
Nxc5 Nxc5 11. Be3 O-O 12. h3 h6 13. c4 Be6 14. Rc1 Rfd8 15. Nd2 Rac8 16. Kh2
Qb8 17. f4 $6 exf4 18. gxf4 b5 19. b3 bxc4 20. bxc4 d5 21. Bd4 dxc4 22. e3 Rxd4
23. exd4 Nd3 24. Rb1 Qd6 25. Qf3 Qxd4 26. Ne4 Nxe4 27. Qxe4 Qd6 28. Kh1 c3 {
0-1,Wirthensohn,H-Gavrikov,V/SWZ-GP Wohlen 1993}) 6... d6 (6... Qb6 $5) 7. dxc5
Qxc5 8. c4 $1 {[%csl Gc4,Rd6] [+],><d6 Forceful play by White.} (8. Nc3 $6 Nbd7
9. Nd2 d5 10. Nb3 Qb6 11. e4 e5 12. Bg5 d4 13. Ne2 h6 14. Bxf6 Nxf6 15. c3 dxc3
16. Nxc3 Bb4 17. Nd5 Nxd5 18. Qxd5 f6 19. Bf3 Be6 20. Bh5+ Ke7 21. Qd3 Rhd8 22.
Qe2 a5 23. Rad1 a4 24. Nc1 Bc5 25. Kg2 Rd4 $36 {Safyanovsky,M-Lerner,K/Moscow3
1991/0-1 (35)}) 8... Be7 $146 {Black's attempt to improve on Sax's play is
also uncuccessful.} (8... Qxc4 9. Bxd6 Qd5 10. Qc1 $1 {@} Nc6 11. Bxf8 Rxf8 {
[%csl Re8] עe8} 12. Rd1 Qa5 13. Na3 Ke7 14. Nc4 Qc5 15. Qf4 Nb4 16. a3 Nbd5
17. Qh4 Bd7 18. Nce5 Nb6 19. Rac1 Qb5 20. a4 Qa5 21. Qd4 Rfd8 22. b4 {1-0,
Romanishin,O-Sax,G/Polanica Zdroj 1993}) (8... e5 $6 {[%csl Rd5] ><d5} 9. Bg5
Qxc4 (9... Ne4 10. Qd3 Nxg5 11. Nxg5 $16) 10. Bxf6 gxf6 11. Nc3 $16) 9. Nc3 O-O
(9... Nbd7 10. Nd2 $5 $36 {[%cal Rd2e4] /\Nde4}) 10. Na4 $1 {Due to White's
lead in development Black's Hedgehog structure will break up.} Qa5 (10... Qc7
$143 $6 11. c5 e5 12. Nb6 $5 Ra7 13. cxd6 Bxd6 14. Be3 $18) 11. b4 $1 Qd8 $8 (
11... Qxb4 12. Rb1 Qa3 13. Nb6 Ra7 14. Be3 $18) 12. c5 $40 dxc5 13. Qxd8 Bxd8
14. bxc5 Bd7 (14... Nd5 15. Bd6 Re8 16. e4 Bd7 17. exd5 Bxa4 18. Ne5 $16 (18.
Rab1 $36)) 15. Nb6 Bxb6 16. cxb6 Bc6 17. Rfc1 {@ White has a lead in
development and Black has problems connecting his R.} Nbd7 $2 (17... Nd5 $142
18. Ne5 Nxb6 (18... Nxf4 19. gxf4 Bxg2 20. Kxg2 f6 21. Nd3 Nd7 22. Rc7 Nxb6 23.
Rxb7 $16) 19. Nxc6 bxc6 (19... Nxc6 20. Rab1 $16) 20. Bxc6 $36) 18. Rxc6 $1 {
After this logical sacrifice Black's << falls to pieces.} bxc6 19. b7 Rab8 (
19... Ra7 20. Rb1 Nd5 (20... Nb8 21. Be3 $18) 21. b8=Q Nxb8 22. Bxb8 Nc3 23.
Rb6 $16) (19... Rad8 20. Bc7 $16) 20. Rb1 Nc5 21. Bxb8 Rxb8 22. Rb6 $1 Nd5 (
22... Rxb7 23. Rxc6 Rb1+ 24. Bf1 Ncd7 25. Rxa6 $18 {[%csl Ga2] o^a}) (22... a5
$142 $5 23. Ne5 $5 Rxb7 (23... Nd5 24. Rxc6 (24. Nxc6 $2 Nxb6 $1 25. Nxb8 Nc4
$1 $11) 24... Nxb7 25. Bxd5 exd5 26. Rb6 $18) 24. Rxc6 Rb1+ 25. Bf1 Ncd7 26.
Rc8+ Nf8 27. Ra8 Rb5 28. Nc6 $16) 23. Rxc6 Nxb7 24. Ne5 $5 (24. Rxa6 $18) 24...
Nd8 25. Rxa6 Rb1+ 26. Bf1 $18 {[%cal Ra6a8] /\Ra8} Kf8 27. Kg2 f6 28. Nc4 g5
29. Ra8 Ke8 (29... Ke7 30. Ra7+ Rb7 31. Rxb7+ Nxb7 32. Kf3 $18) 30. h3 Nc7 31.
Ra3 Nc6 32. e3 Rc1 33. Rb3 Ra1 34. a3 h6 35. Be2 Nd5 36. Rb7 (36. Bf3 $142 $5)
36... Ra2 37. Rb2 (37. Bh5+ Kd8 38. Rh7 $2 Rc2 $13) 37... Ra1 38. Bf3 $138 (38.
Bf3 Rc1 (38... Ke7 39. Rd2 $18) 39. Nd6+ Ke7 40. Nf5+ exf5 41. Bxd5 $18) 1-0

[Event "Rubinstein Memorial 33rd"]
[Site "Polanica Zdroj"]
[Date "1996.??.??"]
[Round "9"]
[White "Nikolic, Predrag"]
[Black "Movsesian, Sergei"]
[Result "1-0"]
[WhiteElo "2670"]
[BlackElo "2635"]
[Annotator "Stohl,I"]
[PlyCount "145"]
[EventDate "1996.08.15"]
[EventType "tourn"]
[EventRounds "11"]
[EventCountry "POL"]
[EventCategory "15"]
[SourceTitle "CBM 055"]
[Source "ChessBase"]
[SourceDate "1996.12.01"]
[SourceVersion "1"]
[SourceVersionDate "1996.12.01"]
[SourceQuality "1"]

1. d4 e6 2. Nf3 (2. c4 f5 {-A8}) 2... c5 3. g3 cxd4 4. Nxd4 a6 5. Bg2 Nf6 6.
O-O (6. e4 $5 Qc7 (6... d6 7. c4 $14 (7. Nc3 {-B80})) 7. O-O Be7 8. b3 $5 $14 {
[%cal Yc2c4,Yc1b2,Yb1c3] /\c4,Bb2,Nc3()[+]}) 6... d5 $6 $146 (6... Be7 7. c4
O-O 8. e4 (8. Nc3 Qc7 9. Qd3 Nc6 10. b3 d6 11. Bb2 Rb8 12. Rac1 Nxd4 13. Qxd4
b6 14. h3 Rd8 15. e4 Bb7 16. g4 h6 17. Kh1 Qc5 18. Qxc5 bxc5 19. Rcd1 Bc6 20.
Rfe1 Nd7 21. f4 f6 22. f5 e5 23. Nd5 $16 {Rogers,I-Ilincic,Z/Bor/1986/}) 8...
d6 9. Nc3 Re8 $14 {1/2/Helmers,K-Karlsson,La/Gausdal Jubilee/1982/}) (6... Qc7
7. Bg5 (7. Qd3 Nc6 8. Nxc6 dxc6 9. Nd2 e5 10. Nc4 Be6 11. Qc3 Nd7 12. Be3 a5
13. a3 Be7 14. b4 axb4 15. axb4 O-O 16. Rfd1 Rfd8 17. h3 h6 18. Kh2 Rxa1 19.
Rxa1 Bg5 20. Bxg5 hxg5 21. Ne3 Qb6 22. Qa3 Nf6 $10 {Gutman,L-Bischoff,K/
Dortmund/1985/}) (7. c4 Be7 8. Nc3 O-O 9. e4 d6 10. Be3 Nc6 11. Rc1 Nxd4 12.
Bxd4 Bd7 13. Qe2 Rac8 14. b3 Qb8 15. Rfd1 Bc6 16. e5 dxe5 17. Bxe5 Qa7 18. Bxc6
bxc6 19. Ne4 Nxe4 20. Qxe4 Bc5 21. Kg2 $14 {Lobron,E-Bischoff,K/
Garmisch-Partenkirchen 25'/1994/}) (7. Nb3 Be7 8. Bf4 d6 9. c4 Nh5 (9... Nbd7
10. Nc3 (10. Na3 $5 Nh5 11. Bd2 Rb8 12. Rc1 b6 13. g4 Nhf6 14. g5 Nh5 15. e3 g6
16. f4 Bb7 17. Bc3 O-O 18. Nd4 Nc5 19. b4 Bxg2 20. Kxg2 Qb7+ 21. Kg1 Ne4 22.
Bb2 e5 23. Nf5 Ng7 24. Nh6+ Kh8 25. Qd5 $1 $16 {Nikolic,Pr-Gelfand,B (08)/
Sarajevo cm/1991/}) 10... O-O 11. Rc1 e5 12. Be3 Rb8 13. Nd2 b6 14. b4 Bb7 15.
Nd5 Qd8 16. Nb3 Nxd5 17. cxd5 Nf6 18. Qd3 Ng4 19. Bd2 f5 20. f3 Nf6 21. e4 fxe4
22. fxe4 Bc8 23. Rc6 Bd7 24. Rfc1 $5 $44 {Huebner,R-Tolnai,T/Mitropa-Cup/1993/}
) 10. Bd2 O-O 11. Nc3 Nd7 12. Rc1 Rb8 13. e4 Nhf6 14. Qe2 Re8 15. f4 b6 16. Nd4
Bb7 17. f5 Bf8 18. fxe6 fxe6 19. Bh3 Nc5 20. Bg2 Ncd7 21. g4 h6 22. g5 hxg5 23.
Bxg5 Qc5 24. Be3 Qh5 25. Qxh5 Nxh5 26. Bh3 Nc5 27. b4 e5 $132 {Savchenko,
S-Ward,Ch/Bern op/1993/}) 7... Be7 8. c4 $5 Qxc4 $5 (8... h6 9. Be3 (9. Bxf6
Bxf6 10. Nc3 O-O 11. Rc1 d6 12. Qd3 Nd7 13. Rfd1 Ne5 14. Qb1 Rb8 15. h3 Bd7 16.
b3 Rfd8 17. Kh2 Rbc8 18. f4 Nc6 19. Nxc6 bxc6 20. Qd3 Be8 21. Ne4 Be7 22. Qf3
Qa5 23. Qc3 Qc7 24. Nf2 c5 $10 {Hergott-Winants/Ostend/1987/}) 9... Ng4 10. Bd2
O-O 11. Nc3 d6 12. Rc1 Nd7 13. e3 Ngf6 14. f4 Re8 15. g4 Nf8 16. b3 Ng6 17. Be1
Rb8 18. h3 Bd7 19. Bg3 Qa5 20. a4 Qb6 21. Qd3 Rbd8 22. Kh2 Bf8 23. Rc2 Bc6 24.
a5 $1 $14 {Podzielny,K-Kindermann,S/BL 8485/1985/ In our game Black refrains
from the hedgehog-type positions and plays more actively, but in the end
White's lead in development enables him to achieve an advantageous endgame.})
9. Na3 Qc7 10. Rc1 Nc6 11. Nc4 O-O 12. Bf4 Qd8 13. e4 d5 14. exd5 Nxd5 15. Nxc6
bxc6 16. Ne5 Bd7 17. Qa4 Bf6 18. Bxd5 exd5 19. Nxd7 Qxd7 20. Rxc6 Bxb2 21. Qc2
Bf6 22. Rd6 Qb5 23. Qf5 d4 24. Rxf6 gxf6 25. Qxf6 Rfe8 26. Qxd4 Re6 27. Rc1
Rae8 $15 {Stanojevic,B-Siegel,G/Genf op/1991/}) 7. c4 $1 dxc4 (7... Be7 8. Nc3
$36) 8. Qa4+ Nbd7 (8... b5 $2 9. Nxb5 $16) 9. Qxc4 (9. Rd1 $5 $36) 9... Nb6 10.
Qb3 $1 (10. Qd3 Bc5 (10... e5 11. Nf3 $1 Qxd3 12. exd3 Bd6 13. Re1 $16) 11. Be3
Qe7 {[%cal Ye6e5,Yb6d5] /\e5,Nbd5<=>}) 10... e5 (10... Qxd4 11. Be3 $32) 11.
Nf3 Be6 12. Qc2 Rc8 13. Nc3 Qc7 $8 (13... e4 $2 14. Ng5) (13... Bd6 14. Ng5 $16
) 14. Ng5 Bd5 $8 (14... Bd7 15. Qb3 $18) 15. Bh3 $1 Rd8 16. Be3 Bc6 (16... h6
17. Bxb6 Qxb6 18. Nxd5 Nxd5 19. Nf3 $40 {[%csl Re5,Re8] ><e5,Ke8}) 17. Rad1
Rxd1 18. Rxd1 Nc4 $8 (18... h6 $2 19. Nxf7 $1 Kxf7 20. Qb3+ Nbd5 21. Bg2 $18)
19. Bc1 Nd6 {Black's K in the center is subjected to all sorts of threats.} 20.
Nd5 (20. Nf3 $142 $5 Bxf3 21. exf3 Be7 22. Bg5 O-O 23. Qd3 $36) 20... Qa5 $1 (
20... Nxd5 21. Rxd5 $16) 21. Nc3 $5 (21. Nxf6+ gxf6 22. Nf3 Qxa2 $13) 21... Be7
(21... h6 22. Nf3 Be7 23. b4 $1 Qxb4 24. Nxe5 $36) 22. Bg2 $1 Bxg2 23. Kxg2 Qc5
(23... O-O $2 24. Nd5 $18) (23... h6 24. Nge4 Nfxe4 25. Nxe4 Nxe4 26. Qxe4 Qc7
27. Be3 O-O 28. Rc1 Qb8 29. Qc4 $16 {[%cal Gc1c8] <->c}) 24. Qa4+ Qc6+ (24...
Nb5 25. Nxb5 Qxb5 26. Qxb5+ axb5 27. Nf3 e4 (27... Nd7 28. Rd5 $16) 28. Nd4 b4
29. Nf5 $40) 25. Qxc6+ bxc6 26. Nf3 Nd7 27. b3 f6 28. Na4 $16 {[%csl Ra6,Rc6]
White has a very pleasant endgame with a permenent advantage due to the ><a6,
c6, practically no piece exchanges can change the character of the position.}
Kf7 29. Ba3 Ke6 30. Ne1 (30. Bxd6 $5 Bxd6 31. Nd2 $16) 30... Nb7 $5 31. Bxe7
Kxe7 32. Nc2 Nbc5 (32... a5 33. Na3 $16) 33. Nxc5 Nxc5 34. Ne3 (34. Nb4 Rc8 35.
Rc1 a5 $5 $132) 34... Ne4 (34... g6 $2 35. Rc1 Kd6 36. Nc4+ Kd5 37. Rd1+ $18)
35. Nf5+ Kf7 36. Kf3 (36. Rd7+ $2 Ke6 $19) (36. f3 $5 Nc3 (36... Ng5 37. h4 Ne6
38. Rd7+ $18) 37. Rd2 g6 38. Ne3 $16) 36... Ng5+ 37. Ke3 g6 38. Nd6+ Ke7 39.
Nb7 (39. Nc4 $6 Ne6 $14) 39... Ne6 (39... Rb8 $2 40. Nc5 $18) 40. Rc1 Rc8 41.
Rc4 Rc7 42. Nc5 $1 $16 (42. Na5 c5 $14) 42... Nxc5 43. Rxc5 {As we already
mentioned above, exchanges don't help Black dramatically, even the R-endgame
is very difficult for him.} Kd6 (43... h5 $142 $1) 44. Ra5 Ra7 45. g4 $1 {
[%cal Yb3b4,Ya2a3,Yh2h4] White's plan is to gradually strengthen his position
on both flanks (b4,a3;h4) and by advancing the K-side pawns create even more
weak points in Black's position. Black has very little counterplay.} h6 (45...
c5 $2 46. Kd3 Kc6 47. Kc4 $18) 46. h4 Ra8 (46... f5 $2 47. gxf5 gxf5 48. f4 $18
) 47. b4 Ra7 48. a3 Ra8 49. Kd3 Ra7 50. e3 Ra8 51. f4 $1 exf4 $8 52. exf4 Kc7
53. h5 (53. Ke4 $5 Kb6 54. h5 $16) 53... gxh5 (53... g5 54. Ke4 {[%cal Re4g6] /
\Kf5-g6+-}) (53... Rg8 54. Rxa6 gxh5 55. gxh5 Rg4 56. Ke4 $18) 54. Rxh5 Rg8 55.
Rh4 $1 (55. Rxh6 Rxg4 56. Rxf6 Rg3+ 57. Ke4 Rxa3 $132) 55... Kd7 $6 (55... f5
$142 $5 $8 56. gxf5 Rg3+ (56... Rh8 57. Rh5 Kd6 58. Ke4 Rh7 59. f6 Ke6 60. Rc5
Rc7 61. a4 Kxf6 62. b5 axb5 63. axb5 $18) 57. Ke4 Rxa3 58. Rxh6 Kd7 $5 $16) 56.
Ke4 Ke6 57. Kf3 Rh8 $8 58. Rh5 Rh7 59. Kg3 {[%csl Ra6,Rc6,Rf6,Rh6][%cal Yg3h5,
Yh5c5,Ya3a4,Yb4b5] /\Kh4-h5,Rc5,a4,b5 White has achieved an ideal position.
Black has only weak pawns.} Rd7 60. Ra5 $1 Ra7 61. Kh4 Kf7 62. Kh5 Kg7 63. f5
Kh7 (63... Kf7 64. Rc5 $1 (64. Kxh6 $6 Ra8 65. Kh7 Rg8 66. Rxa6 Rxg4 $16) 64...
Rc7 65. a4 $18) 64. Rc5 Rc7 65. a4 Kg7 (65... Rb7 66. Rxc6 Rxb4 67. Rxa6 $18)
66. b5 axb5 67. axb5 Rb7 68. bxc6 Rc7 69. Rc1 $22 Rc8 (69... Kh7 70. Rd1 (70.
Kh4 $18) 70... Rxc6 71. Rd7+ Kg8 72. Kg6 Kf8 73. Rf7+ Ke8 74. Rxf6 Rc4 75. Kh5
$18) 70. c7 Kf7 71. Rc6 Kg7 72. Kh4 Kf7 73. Kg3 (73. Kg3 Ke7 74. Kf4 {[%cal
Yf4d5] /\Ke4-d5} Kd7 75. Rxf6 $18) 1-0